<?xml version="1.0" encoding="UTF-8"?>
<record
    xmlns:xsi="http://www.w3.org/2001/XMLSchema-instance"
    xsi:schemaLocation="http://www.loc.gov/MARC21/slim http://www.loc.gov/standards/marcxml/schema/MARC21slim.xsd"
    xmlns="http://www.loc.gov/MARC21/slim">

  <leader>00354    a2200109   4500</leader>
  <controlfield tag="001">ART_7605</controlfield>
  <controlfield tag="005">20260410161722.0</controlfield>
  <controlfield tag="008">260409a                                 </controlfield>
  <datafield tag="245" ind1="1" ind2="0">
    <subfield code="a">El segundo decenio para el desarrollo y la integraci&#xF3;n econ&#xF3;mica regional</subfield>
  </datafield>
  <datafield tag="100" ind1="1" ind2=" ">
    <subfield code="a">Balassa, Bela</subfield>
  </datafield>
  <datafield tag="773" ind1="0" ind2=" ">
    <subfield code="t">Revista de la integraci&#xF3;n</subfield>
    <subfield code="g">- N&#xBA; 11 (nov. 1972)</subfield>
    <subfield code="w">REV1815</subfield>
  </datafield>
  <datafield tag="999" ind1=" " ind2=" ">
    <subfield code="c">17040</subfield>
    <subfield code="d">17040</subfield>
  </datafield>
</record>
